Minecraft Commands - Sudden Death - Statistics

General Stats
  • This quiz has been taken 275 times
  • The average score is 4 of 15
Answers on the Grid
Answers color-coded by a green-red scale on the quiz's grid according to % correct below.
/xp
/weather
/w
/tp
/time
/tell
/say
/setblock
/gamerule
/help
/fill
/execute
/kill
/damage
/clear
/throw
/set
/spawn
/start
/add
/rain
/sun
/n
/e
/you
/world
/toggle
/!
/deliver
/oops
 
Answer Stats
Answer % Correct
/kill
54%
/gamerule
46%
/tp
43%
/weather
42%
/time
36%
/setblock
35%
/fill
33%
/execute
29%
/help
29%
/clear
25%
/xp
24%
/damage
14%
/say
13%
/tell
13%
/w
9%
No matching quizzes found
Score Distribution
Percent of People with Each Score
Percentile by Number Answered
Your Score History
You have not taken this quiz